Riconosci il Pokémon - Quiz n°213 - Statistics

Statistiche generali
  • Questo quiz è stato fatto 1 volte
  • Il punteggio medio è 4 su 10
Statistiche sulle risposte
Indizio Risposta % Corretto
Tipo Coleottero / Acqua
100%
Stadio evoluzione Forma Base
100%
Abilità Nuotovelox; Copripioggia
100%
Generazione Terza
100%
Altezza 0,50 m
0%
Peso 1,7 kg
0%
Tasso di cattura 200 (36.6%)
0%
Sesso 50% ♂, 50% ♀
0%
Tasso di allevamento Medio-Veloce
0%
Pokémon Surskit
0%
Nessun quiz corrispondente trovato
Distribuzione punteggi
Percentuale di utenti per punteggio
Percentile per numero di risposta
I tuoi punteggi nel tempo
Non hai fatto questo quiz